| 000 | 00517nam a2200217Ia 4500 | ||
|---|---|---|---|
| 999 |
_c47295 _d47295 |
||
| 001 | 14155 | ||
| 003 | GE_BSU | ||
| 005 | 20221118150422.0 | ||
| 008 | 181216s2000||||enk|||||||||||||| ||eng|| | ||
| 020 | _a0002202107x | ||
| 040 | _cGE_BSU | ||
| 041 | _aeng | ||
| 080 | _a646 M-41 | ||
| 100 |
_aMaurice, Ann. _915929 |
||
| 245 |
_aHouse doctor / _cAnn Maurice. |
||
| 264 |
_aLondon: _bHarper collins publishers, _c2000. |
||
| 300 |
_a124 p; _b25 cm. |
||
| 300 | _bill. | ||
| 653 | _aHouse doctor. | ||
| 942 |
_cBK _2udc |
||